My Chemical Romance - Helena Lyrics - Statistics

General Stats
  • This quiz has been taken 387 times
    384 since last reset
  • The average score is 185 of 227
Answer Stats
Hint Answer % Correct
a
98%
I
96%
1 Long
96%
long
96%
the
96%
The
96%
so
95%
So
95%
you
93%
And
92%
and
92%
are
92%
Are
92%
say
90%
what's
89%
What's
89%
ago
88%
goodnight
88%
hear
88%
Just
88%
just
88%
like
88%
then
88%
to
88%
worst
88%
better
86%
We
86%
we
86%
if
85%
on
85%
again
84%
in
83%
stay
83%
Things
83%
can
82%
Can
82%
from
81%
From
81%
far
77%
that
77%
could
76%
Could
76%
every
75%
get
73%
heart
72%
me
72%
break
71%
Hearse
71%
match
71%
take
71%
When
70%
die
69%
this
69%
tonight
68%
way
68%
carry
67%
holding
67%
Burning
66%
Well
66%
We'll
66%
incinerate
65%
of
65%
lives
61%
time
59%
Came
58%
collide
58%
everyone
58%
star
58%
blade
57%
cars
57%
near
57%
our
57%
strike
57%
know
56%
tears
56%
both
55%
very
55%
Brought
54%
fall
54%
been
52%
I've
51%
meet
51%
hurt
48%
sold
48%
stain
48%
pretend
47%
you'll
42%
leave
40%
No matching quizzes found
Score Distribution
Percent of People with Each Score
Percentile by Number Answered
Your Score History
You have not taken this quiz since the last reset